History Quiz

Random History or Year Quiz

Which 1990s Year? Quiz Stats

 Plays Quiz Updated May 5, 2019

Score 0/10 Timer 04:00
3 Plays Today
Question Answer Wrong Answers
Which event took place in 1997? Princess Diana funeral
75.8%
Gulf War
5.1%
Release of the Furby
8.7%
Hugo Chavez elected
6%
Which event took place in 1999? Y2K
71.2%
Steve Bartman NLCS faux pas
7.8%
Sydney Olympics
5.6%
O.J. Acquitted
10.3%
Which event took place in 1994? OJ SImpson Chase
55.6%
Titanic Released
9.8%
South Africa win Rugby WC
19.6%
Tank Man
12.2%
Which event took place in 1993? Waco Siege
55.2%
1992 L.A. Riots
16.2%
Donovan Bailey Gold
8%
Seinfeld Finale
18.1%
Which event took place in 1991? USSR August Coup
45.1%
Read my Lips, no new taxes
31.4%
You're no Jack Kennedy
3.6%
The Shot
19.4%
Which event took place in 1990? Nelson Mandela Released
44.6%
Fall of the Berlin Wall
39.7%
USA wins women's WC
6.5%
OKC bombing
9.1%
Which event took place in 1992? Signing of NAFTA
31.3%
Rwandan Genocide
17.7%
Joe Carter WS HR
30.9%
Dukakis in the Tank
18.5%
Which event took place in 1998? Good Friday Agreement
28.5%
Payne Stewart wins US Open
17.4%
Woodstock 99
20.9%
ManU miracle UCL win
28.4%
Which event took place in 1996? Braveheart Oscar wins
27.1%
Baggio missed WC penalty
14.6%
Clinton Lewinski Scandal
43.6%
1994 MLB Strike
10.8%
Which event took place in 1995? Million Man March
25.6%
Oliver North Trial
13.6%
France wins the WC
6.4%
Dolly the Sheep is cloned
50.8%

You're not logged in!

Compare scores with friends on all Sporcle quizzes.
OR
Log In

Sporcle TV

Today on Sporcle TV


Watch our educational content, quiz creation guides, and fun videos on Sporcle TV.

Show Comments

Extras

Top Quizzes Today


Score Distribution

Your Account Isn't Verified!

In order to create a playlist on Sporcle, you need to verify the email address you used during registration. Go to your Sporcle Settings to finish the process.

Report this User

Report this user for behavior that violates our Community Guidelines.

Details: